000 00430nam a2200181Ia 4500
001 23185
005 20260414150920.0
008 260414t2009||||xx |||||||||||||| ||spa||
041 _aESP
082 _a625.725
_bK79 V. 1
100 _aKraemer, Carlos
_eAUT
245 0 _aIngenierĂ­a de carreteras
_b
260 _c2009
300 _axxv, 515 páginas :
_c24 cm.
650 _a0
654 _aCIC
942 _cLIB
_dJUS
_fJUS
_2ddc
_n
999 _c23185
_d23185